000 00236nam a2200097Ia 4500
008 170619s9999 xx 000 0 und d
100 _aKazimi- S M A
245 0 _aEssentials of strategic Management
260 _bNew Delhi: PHI
260 _c2004
546 _aENGLISH
999 _c17018
_d17018